00649nam a2200157Ia 4500008004100000100002000041245007400061245013000135260005300265260000900318300001000327650001500337856004700352999001900399952007300418170221s9999 xx 000 0 und d aNurlan Kurmanov aInnovation Process Management as the Basis of Enterprise Development  cNurlan Kurmanov, Amangeldy Dogalov, Sungat Toktasynov, Assem Baktymbet, Saule Baktymbet, Assel Rakhimbekova, Aizhan Satbayeva bInternational Review of Management and Marketing c2017 a7 : 1 xMarketing. uhttp://www.econjournals.com/index.php/irmm c308027d308027 001040aCLbCLd2017-02-21l0r2017-02-21 00:00:00w2017-02-21yFOJ